000 00298nam a2200133Ia 4500
008 191201s2009 xx 000 0 und d
100 _aHEIZER,Jay
245 0 _aOperations Management
250 _aIMP
260 _aN. Delhi
_bPearson
_c2009
300 _a762+10
650 _aMBA
942 _2ddc
_cBK
999 _c4391
_d4391